Bảo hộ lao động và kỹ thuật an toàn điện
Nội dung giới thiệu đại cương về bảo hộ lao động với những khái niệm cơ bản, các phương pháp phân tích, điều khiển và tổ chức bảo hộ lao động. Phân tích tác động của điện đối với cơ thể người, trình bày ảnh hưởng của dòng điện...
Gardado en:
| Autor Principal: | |
|---|---|
| Formato: | Libro |
| Idioma: | Undetermined |
| Publicado: |
Hà Nội
Khoa học và Kỹ thuật
2008
|
| Những chủ đề: | |
| Các nhãn: |
Engadir etiqueta
Sen Etiquetas, Sexa o primeiro en etiquetar este rexistro!
|
| Thư viện lưu trữ: | Trung tâm Học liệu Trường Đại học Cần Thơ |
|---|
| LEADER | 01069nam a2200217Ia 4500 | ||
|---|---|---|---|
| 001 | CTU_140282 | ||
| 008 | 210402s9999 xx 000 0 und d | ||
| 020 | |c 75000 | ||
| 082 | |a 363.62 | ||
| 082 | |b Kh107 | ||
| 100 | |a Trần, Quang Khánh | ||
| 245 | 0 | |a Bảo hộ lao động và kỹ thuật an toàn điện | |
| 245 | 0 | |c Trần Quang Khánh | |
| 260 | |a Hà Nội | ||
| 260 | |b Khoa học và Kỹ thuật | ||
| 260 | |c 2008 | ||
| 520 | |a Nội dung giới thiệu đại cương về bảo hộ lao động với những khái niệm cơ bản, các phương pháp phân tích, điều khiển và tổ chức bảo hộ lao động. Phân tích tác động của điện đối với cơ thể người, trình bày ảnh hưởng của dòng điện và các tiêu chuẩn an toàn điện.... | ||
| 650 | |a Electric,Điện | ||
| 650 | |x Safety work,An toàn lao động | ||
| 904 | |i Qhieu | ||
| 980 | |a Trung tâm Học liệu Trường Đại học Cần Thơ | ||